Eastern Utah Libraries Catalog: Duchesne, Heber, Roosevelt, & Vernal

Why are black holes black? : (Record no. 156771)

MARC details
000 -LEADER
fixed length control field 01118cam a2200313 a 4500
008 - FIXED-LENGTH DATA ELEMENTS--GENERAL INFORMATION
fixed length control field 130215s2014 mnu j b 001 0 eng c
010 ## - LIBRARY OF CONGRESS CONTROL NUMBER
LC control number 2013004697
020 ## - INTERNATIONAL STANDARD BOOK NUMBER
International Standard Book Number 9781782123958 (library binding)
020 ## - INTERNATIONAL STANDARD BOOK NUMBER
International Standard Book Number 1782123954 (library binding)
040 ## - CATALOGING SOURCE
Original cataloging agency PSt/DLC
Language of cataloging eng
Transcribing agency PSt
Modifying agency DLC
042 ## - AUTHENTICATION CODE
Authentication code pcc
043 ## - GEOGRAPHIC AREA CODE
Geographic area code zo-----
050 00 - LIBRARY OF CONGRESS CALL NUMBER
Classification number QB46
Item number .C27 2014
082 00 - DEWEY DECIMAL CLASSIFICATION NUMBER
Classification number 520
Edition number 23
035 ## - SYSTEM CONTROL NUMBER
System control number (IMchF)fol14649856
005 - DATE AND TIME OF LATEST TRANSACTION
control field 20241220152514.0
001 - CONTROL NUMBER
control field 220938
003 - CONTROL NUMBER IDENTIFIER
control field DCL
100 1# - MAIN ENTRY--PERSONAL NAME
Personal name Canavan, Thomas,
Dates associated with a name 1956-
9 (RLIN) 5688081
245 10 - TITLE STATEMENT
Title Why are black holes black? :
Remainder of title questions and answers about space /
Statement of responsibility, etc Thomas Canavan.
260 ## - PUBLICATION, DISTRIBUTION, ETC. (IMPRINT)
Place of publication, distribution, etc Mankato, Minn. :
Name of publisher, distributor, etc Arcturus :
-- Distributed by Black Rabbit Books,
Date of publication, distribution, etc 2014.
300 ## - PHYSICAL DESCRIPTION
Extent 32 p. :
Other physical details col. ill. ;
Dimensions 28 cm.
490 0# - SERIES STATEMENT
Series statement Science FAQ
520 ## - SUMMARY, ETC.
Summary, etc "Answers common questions young readers have about Space"--Provided by publisher.
504 ## - BIBLIOGRAPHY, ETC. NOTE
Bibliography, etc Includes bibliographical references (p. 31) and index.
650 #0 - SUBJECT ADDED ENTRY--TOPICAL TERM
Topical term or geographic name as entry element Astronomy
Form subdivision Miscellanea
-- Juvenile literature.
9 (RLIN) 6466030
651 #0 - SUBJECT ADDED ENTRY--GEOGRAPHIC NAME
Geographic name Outer space
Form subdivision Miscellanea
-- Juvenile literature.
9 (RLIN) 5800665
942 ## - ADDED ENTRY ELEMENTS (KOHA)
Koha item type UNKNOWN
Holdings
Withdrawn status Lost status Source of classification or shelving scheme Damaged status Not for loan Collection code Home library Current library Shelving location Date acquired Cost, normal purchase price Total Checkouts Total Renewals Full call number Barcode Date last seen Date checked out Cost, replacement price Price effective from Koha item type
    Dewey Decimal Classification     Junior NonFiction Wasatch County Library Wasatch County Library Second Floor 04/25/2014 18.95 12 4 J 520 Can 34301001288671 12/26/2025 10/28/2024 18.95 03/20/2020 BOOK
This project was made possible through a grant from the Institute of Museum and Library Service administered by the Utah State Library Division.

Wasatch County Library

  • 465 East 1200 South, Heber City, Utah 84032
  • Phone 435-654-1511 | Fax 435-654-6456

Hours

  • Monday - Friday 9:30 AM - 8:00 PM
  • Saturday 9:30 AM - 1:30 PM
  • Closed Sundays and Holidays